00828nam a2200193 a 450000100060000000300090000600800410001502000150005604000280007108200160009910000170011524501400013226000310027230000080030350502290031165000260054065000390056665000290060521790CO-ViMGA141112s2004 ck r 000 u spa d a9580495661 aCO-ViMGAbspacCO-ViMGA04a649.1 K173p1 aKater, Kathy10aLas personas de verdad son de todas las tallas : bDiez lecciones para ayudar a sus hijos a construir una autoestima corporal saludable aBogotá : bNorma, c2006 a251 aMitos culturales y perdida de la estima corporal 47 - - Cómo el cuerpo regula el peso 121 - - Por que las dietas no funcionan 150 - - Comer bien para tener un peso saludable 164 - - Escoger modelos de vida saludables 227 14aAUTOESTIMA EN NIÑOS14aIMAGEN CORPORAL EN LA ADOLESCENCIA14aTRANSTRONOS ALIMENTICIOS